| 000 | 00861nam a22002177a 4500 | ||
|---|---|---|---|
| 003 | OSt | ||
| 005 | 20150408114028.0 | ||
| 008 | 120505s2012 jo a | b 00| 0 ara d | ||
| 020 | _a9789957325824 | ||
| 040 | _cMU | ||
| 082 |
_221 _a658.4013 _bط ح ر |
||
| 100 |
_aالطراونة، حسين أحمد. _912337 |
||
| 245 |
_aالرقابة الإدارية = _bManagerial control : المفهوم والممارسة / _cتأليف حسين أحمد الطراونة، توفيق صالح عبد الهادي. |
||
| 246 | 3 | 1 | _aManagerial control |
| 260 |
_aعمان، الأردن : _bدار الحامد، _c2012. |
||
| 300 |
_a321 ص. : _bجداول ؛ _c24 سم. |
||
| 504 | _aببليوجرافية : ص. 319-321. | ||
| 650 | 4 |
_aالرقابة الإدارية. _912338 |
|
| 700 | 1 |
_aعبد الهادي، توفيق صالح. _912339 |
|
| 942 |
_2ddc _cDVD |
||
| 999 |
_c22574 _d257074 |
||